|
|
|
|
| LEADER |
00000nam a22000007a 4500 |
| 005 |
20180220230625.0 |
| 007 |
cr|||| |||| |
| 008 |
180220s2016 ar |||||s|||| 00||0 spa d |
| 020 |
|
|
|a 978-950-572-914-2
|
| 035 |
|
|
|a 20974
|
| 040 |
|
|
|a vLex
|
| 090 |
|
|
|c 7387
|d 7387
|
| 100 |
1 |
|
|a Canosa, Vc̕tor Mara̕
|
| 245 |
1 |
0 |
|a Manual para el instructor judicial y el investigador criminal
|h [Recurso electrn̤ico] /
|c Vc̕tor Mara̕ Canosa, Roberto Eduardo Rubio
|
| 256 |
|
|
|a Servicio en ln̕ea
|
| 260 |
|
|
|a La Plata:
|b Editorial Scotti Libros,
|c 2016
|
| 300 |
|
|
|a 1 recurso electrn̤ico (440 p.)
|
| 506 |
1 |
|
|a Disponible solo en los productos indicados
|d vLex Global
|d vLex Global (Academic Edition, excluding Law Schools)
|d vLex Global (U.S. Academic Edition, Law Schools)
|d vLex Global (U.S. Academic Edition, excluding Law Schools)
|d vLex Global (Academic Edition, Law Schools)
|
| 650 |
0 |
4 |
|a Derecho Penal
|z Argentina
|
| 650 |
0 |
4 |
|a Derecho Procesal
|z Argentina
|
| 700 |
1 |
|
|a Rubio, Roberto Eduardo
|
| 740 |
0 |
|
|a vLex Libros (Servicio en ln̕ea)
|
| 856 |
4 |
0 |
|u http://vlex.com/source/manual-instructor-judicial-investigador-criminal-20974
|z Acceso restringido
|
| 942 |
|
|
|c BOOK
|
| 999 |
0 |
|
|a Criminal Law
|
| 999 |
0 |
|
|a Procedural Law
|